| 000 | 00668nam a2200205 a 4500 | ||
|---|---|---|---|
| 005 | 20140310183342.0 | ||
| 008 | 070115s19uu xx 00 eng d | ||
| 020 | _a2880463335 | ||
| 050 |
_aTR 590 _b.T944 1998 |
||
| 100 | _aTurner, Janet | ||
| 245 |
_aDesigning with light : _bpublic places lighting solutions for exhibitions, museums and historic spaces / _cJanet Turner |
||
| 260 |
_aNew York : _bWatson-Guptill Publications, _c1998. |
||
| 300 |
_a159 p. : _bcol. ill. ; _c24 cm. |
||
| 521 | _aMA | ||
| 650 | _aLight in architechture. | ||
| 650 | _aDaylighting. | ||
| 650 | _aLighting, Architectural and decorative. | ||
| 942 |
_cBK _2lcc _kFOR |
||
| 999 |
_c21844 _d21844 |
||